| 000 | 00976nas a2200301 4500 | ||
|---|---|---|---|
| 001 | BR7701370 | ||
| 003 | BR-BrBNA | ||
| 005 | 20231205083127.0 | ||
| 007 | ta | ||
| 008 | 230509b bl.|||p| |||| 00| 00por d | ||
| 040 |
_aBR-BrBNA _bpor _cBiblioteca Nacional de Agricultura |
||
| 041 | _a(Pt) | ||
| 072 | _aL40; L70 | ||
| 100 | 1 | _aAndretto, R. | |
| 100 | 1 | _aBorelli, V. | |
| 100 | 1 | _aLeite, P.P. | |
| 100 | 1 | _aFernandes Filho, A. | |
| 100 | 1 | _aBrito, F.S. de | |
| 100 | 1 | _aSaliba, A.M. | |
| 100 | 1 | _aLarsson, M.H.M.A. | |
| 245 | 1 | _aAlteracoes eletrocardiograficas decorrentes da retirada cirurgica experimental, parcial e total do no sinu-atrial, em caes | |
| 650 | _aANATOMIA ANIMAL | ||
| 650 | _aCAO | ||
| 650 | _aCIRURGIA | ||
| 773 | 0 |
_tRevista da Faculdade de Medicina Veterinaria e Zootecnia da Universidade de Sao Paulo (Brazil) _xISSN 0303-7525 _g(1976), v. 13(1) p. 27-48 _wBR7701370 |
|
| 909 |
_a202311 _bLúcia _c55 _dLúcia Elande |
||
| 942 |
_2AGRIS _n0 _cANA |
||
| 999 |
_c96594 _d96594 |
||